| Tag |
First Indicator |
Second Indicator |
Subfields |
| LEADER |
00000cam a2200000 a 4500 |
| 001 |
in00001216021 |
| 005 |
20151003051643.0 |
| 008 |
940112s1995 dcua 001 0 eng |
| 010 |
|
|
|a 94000521
|
| 020 |
|
|
|a 0815777345 (cl : alk. paper) :
|c $36.95
|
| 020 |
|
|
|a 0815777337 (pa) :
|c $15.95
|
| 035 |
|
|
|a (OCoLC)29703220
|
| 035 |
|
|
|9 AGR2253AM
|
| 040 |
|
|
|a DLC
|c DLC
|d TXA
|d UtOrBLW
|
| 043 |
|
|
|a n-us---
|
| 049 |
|
|
|a TXAM
|
| 050 |
0 |
0 |
|a HJ2051
|b .S3424 1995
|
| 082 |
0 |
0 |
|a 353.0072/221
|2 20
|
| 100 |
1 |
|
|a Schick, Allen.
|
| 245 |
1 |
4 |
|a The federal budget :
|b politics, policy, process /
|c Allen Schick.
|
| 264 |
|
1 |
|a Washington, D.C. :
|b Brookings Institution,
|c [1995]
|
| 264 |
|
4 |
|c ©1995
|
| 300 |
|
|
|a xii, 223 pages :
|b illustrations ;
|c 24 cm.
|
| 336 |
|
|
|a text
|b txt
|2 rdacontent
|
| 337 |
|
|
|a unmediated
|b n
|2 rdamedia
|
| 338 |
|
|
|a volume
|b nc
|2 rdacarrier
|
| 500 |
|
|
|a Includes index.
|
| 650 |
|
0 |
|a Budget
|z United States.
|
| 999 |
|
|
|a MARS
|
| 999 |
f |
f |
|s d7771117-8a3c-3fb1-9994-ff2e97e23a23
|i 9335a9ef-0378-38e5-a8ed-ab604f77c9a8
|t 0
|
| 952 |
f |
f |
|p ric
|a Texas A&M University
|b Rellis Campus
|c Joint Library Facility
|d Remote Storage
|t 0
|e HJ2051 .S3424 1995
|h Library of Congress classification
|i unmediated -- volume
|m A14818916018
|
| 998 |
f |
f |
|a HJ2051 .S3424 1995
|t 0
|l Remote Storage
|